000
00261nam a2200097Ia 4500
001
851675
005
20250826174500.0
008
250824s9999 xx 000 0 und d
245
0
_a
ANNE, BABA, ÇOCUK ÖYKÜLERİ
_c
MURAT ÇİFTKAYA
260
_b
GENÇ HAYAT YAYINLARI
999
_c
851675
_d
851675